Caperucita roja little red riding hood (Record no. 2939)

MARC details
000 -LEADER
fixed length control field 00959cim a22002893a 4500
005 - DATE AND TIME OF LATEST TRANSACTION
control field 20260317133540.0
020 ## - INTERNATIONAL STANDARD BOOK NUMBER
International Standard Book Number 9780439773751
040 ## - CATALOGING SOURCE
Original cataloging agency DLC
Transcribing agency DLC
Language of cataloging eng
050 00 - LIBRARY OF CONGRESS CALL NUMBER
Classification number PZ73.O663
082 ## - DEWEY DECIMAL CLASSIFICATION NUMBER
Classification number 398.2
100 ## - MAIN ENTRY--PERSONAL NAME
Personal name Orihuela, Luz
245 00 - TITLE STATEMENT
Title Caperucita roja little red riding hood
Statement of responsibility, etc. by Orihuela, Luz
250 ## - EDITION STATEMENT
Edition statement First Scholastic bilingual printing , September 2005
260 ## - PUBLICATION, DISTRIBUTION, ETC.
Place of publication, distribution, etc. New York :
Name of publisher, distributor, etc. Scholastic ,
Date of publication, distribution, etc. 2004
300 ## - PHYSICAL DESCRIPTION
Extent 22 unnumbered pages :
Other physical details color illustrations ;
Dimensions 21 cm .
500 ## - GENERAL NOTE
General note Stories for children, recited first in Spanish and then in English.
500 ## - GENERAL NOTE
General note Recordable compact disc.
500 ## - GENERAL NOTE
General note Brief record.
505 ## - FORMATTED CONTENTS NOTE
Formatted contents note I <br/>
520 ## - SUMMARY, ETC.
Summary, etc. Retells the fairy tale of Little Red Riding Hood in Spanish and English.
521 ## - TARGET AUDIENCE NOTE
Target audience note 430 <br/>
Source Lexile <br/>
521 ## - TARGET AUDIENCE NOTE
Target audience note I <br/>
Source Raz-Plus <br/>
650 #0 - SUBJECT ADDED ENTRY--TOPICAL TERM
Topical term or geographic name entry element Bilingual Spanish
Form subdivision folktales
906 ## - LOCAL DATA ELEMENT F, LDF (RLIN)
a 7
b cbc
c orignew
d 3
e ncip
f 20
g y-soundrec
942 ## - ADDED ENTRY ELEMENTS (KOHA)
Source of classification or shelving scheme Dewey Decimal Classification
Koha item type Books
Suppress in OPAC No
999 ## -
-- 2939
-- 2939
Holdings
Withdrawn status Lost status Source of classification or shelving scheme Damaged status Not for loan Collection Home library Current library Shelving location Date acquired Total Checkouts Full call number Barcode Date last seen Date last checked out Copy number Price effective from Koha item type
    Library of Congress Classification     Juvenile Fiction Footprints International School Library Network Toul Tom Poung Campus Footprints International School Library Network Toul Tom Poung Campus TTP Primary Dark Blue Bookshelves 01/24/2024 2 ORI 398.2 PZ73.O663 FISBK01044 03/17/2026 03/13/2026 1 01/24/2024 Books